000 00594nam a2200193Ia 4500
005 20250508164944.0
008 008 250505s9999 xx 000 0 eng d
037 _aDissertations
040 _aFEDL
_beng
_cFEDL
041 _aeng
_2eng
084 _a530.07, RAU/DI
_qFEDL
100 _aRautela Sunita
_9779580
245 0 _aPedagogic challenges in learning physics at senior secondary level - a student's perspective
260 _c2010
300 _a94p.
546 _aM.Ed. Dissertation (Delhi University)
942 _cDIS
_h530.07, RAU/DI
999 _c1392258
_d1392258